Statistiken für Konjugation vivir

Klicken Sie hier um das Quiz zu spielen!

Allgemein

  • Dieses Quiz wurde 28 mal gespielt
  • Das Durchschnittsergebnis liegt bei 7 aus 8

Antwortstatistiken

leben/wohnenvivir% Korrekt
el/ella/ustedvive
100%
ellos/ellasviven
100%
yovivo
100%
tuvives
96%
nosotrosvivimos
91%
vosotrosvivís
74%
Gerundiumviviendo
65%
Partizipvivido
52%

Verteilung der Resultate

Perzentil nach korrekt beantworteten Fragen

Anzahl Personen mit jedem Resultat

Ihre Resultats-Entwicklung

Sie haben dieses Quiz noch nicht gespielt